000
00292nam a22001337a 4500
008
170316b xxu||||| |||| 00| 0 eng d
020
_a
9780321709332
041
_a
eng
080
_2
9 ED
_a
SHM
100
_a
7
101
_a
SHM
245
_a
ANATOMY PHYSIOLOGY
_c
MARTINI.F.H
942
_2
udc
_c
BK
999
_c
7953
_d
7953